000 00756nam a22002297a 4500
999 _c13334
_d13334
003 AR-CdUCM
008 190415b ||||| |||| 00| 0 spa d
040 _aMUNICIPALIDAD PROVINCIAL DEL CUSCO
_cBIBLIOTECA MUNICIPAL DEL CUSCO
082 _a920.72 / C79
_bC79
100 _aCornejo Bouroncle, Jorge
_915278
245 _aDoña Francisca Zubiaga de Gamarra la Mariscala /
_cJorge Cornejo Bouroncle
260 _aCuzco :
_bH.G, Rozas,
_c1948.
300 _a58 páginas ;
_c21 cm.
505 _aContenido : Francisca Zubiaga ...
650 _aHistoria
_946722
650 _aBiografía
_946723
650 _aRepública
_9831
650 _aHistoria del Cusco
_91714
650 _aAgustín Gamarra
_944148
942 _2ddc
_cLIBROS
945 _arah
_d15/04/2019